000 00337nam a2200133 i 4500
001 bg
100 1 _aSADLEJ, Joanna
245 0 _aPółempiryczne metody chemii kwantowej CNDO, INDO, NDDO /
_cJoanna Sadlej.
260 _aWarszawa,
_c1977.
040 _cBPK
041 _apol
942 _cKS
008 s pl f |000 0 pol
999 _c27609
_d27609
856 _uhttp://koha.tu.koszalin.pl/cgi-bin/koha/opac-detail.pl?biblionumber=27609
_yKatalog online BPK